Indische Parallelen zu König Lears Fragen an seine Töchter

Titel: Indische Parallelen zu König Lears Fragen an seine Töchter / von Theodor Zachariae
Verfasser:
Veröffentlicht: [S.l.]œ, [o.J.]
Umfang: S. 141 - 147
Format: Buch
Sprache: Deutsch
Kein Bild verfügbar
X
Lokale Klassifikation: 21 15 B
alg: 20296050
001A    $03004:14-08-08 
001B    $01999:03-06-23 $t03:33:39.000 
001C    $06002:27-10-10 $t01:15:54.000 
001D    $03004:14-08-08 
001U    $0utf8 
001X    $00 
002@    $0Aar 
003@    $0202960501 
003O    $0603628364 $aOCoLC 
007A    $0202960501 $aHEB 
007T    $0Herdhh202960501 
010@    $ager 
011@    $a19XX $n[o.J.] 
021A    $aIndische Parallelen zu König Lears Fragen an seine Töchter $hvon Theodor Zachariae 
028A    $#Zachariae, Theodor Victor Hugo $711897646X $8Zachariae, Theodor$Z1851-1934 [Tp1] $9087316773 
033A    $p{[S.l.] 
034D    $aS. 141 - 147 
037A    $aSonderdr. 
045F    $a370.9436 $eDDC23BSB 
045F/01 $a370.9 
045F/03 $g436 

lok: 20296050 24
101B    $014-08-08 $t16:12:20.000 
101C    $014-08-08 
101U    $0utf8 
145Z/01 $a21 15 B 

exp: 20296050 24 1 #EPN
201B/01 $014-08-08 $t16:12:20.000 
201C/01 $014-08-08 
201U/01 $0utf8 
203@/01 $0548224692 
208@/01 $a14-08-08 $br 
209A/01 $aan 21 XV B 2 $du $f050 $h21 15 B 2 $x00 $ic 
209C/01 $a3 K 1951 $h51 0003 K 
220C/01 $aurb 
247C/01 $8358050-7 Marburg, Bibliothek des Herder-Instituts Marburg $9102600961 

lok: 20296050 78

exp: 20296050 78 1 #EPN
201B/01 $019-04-17 $t21:21:46.000 
201U/01 $0utf8 
203@/01 $0793314674 
208@/01 $a12-11-16 $be 
209A/01 $a/ $f000 $x00 
220C/01 $aAnmerkung: *ng 
237A/01 $aweiterführende Signatur(en): Herder-Institut: an 21 XV B 2 
244Z/01 $2Trx $8--Trx--Monographie $x01 $9391384546 
245Z/01 $a11.05 $x01 
247C/01 $82080>Marburg/Lahn, Herder-Institut, Forschungsbibliothek, Bibliographieportal $9336309341
LEADER 00000cam a22000002c 4500
001 202960501
003 DE-603
005 20230603033339.0
007 tu
008 080814s19XX xx |||| | u00||u|ger c
035 |a (DE-599)HEB202960501 
035 |a (OCoLC)603628364 
040 |a DE-603  |b ger  |c DE-603  |d DE-603 
041 |a ger 
082 0 4 |8 1\u  |a 370.9436  |q DE-101  |2 23/BSB 
085 |8 1\u  |b 370.9 
085 |8 1\u  |z 2  |s 436 
100 1 |a Zachariae, Theodor  |d 1851-1934  |0 (DE-603)087316773  |0 (DE-588)11897646X  |2 gnd 
245 0 0 |a Indische Parallelen zu König Lears Fragen an seine Töchter  |c von Theodor Zachariae 
264 1 |a [S.l.]œ  |c [o.J.] 
300 |a S. 141 - 147 
500 |a Sonderdr. 
924 0 |9 Mb 50  |a (DE-603)548224692  |b DE-Mb50  |c HES  |d c  |g an 21 XV B 2 
924 0 |9 2080  |a (DE-603)793314674  |b DE-2080  |c HES  |d d  |g /